| 000 | 01307nam a22002777a 4500 | ||
|---|---|---|---|
| 005 | 20170410153015.0 | ||
| 008 | 140714b xxu||||| |||| 00| 0 Urdu d | ||
| 010 | _aUR-121 B-548007 B-665898 | ||
| 020 |
_a9789350732342 _c200.00 |
||
| 035 | _aU-121 B-548007 B-665898 | ||
| 037 | _bBPPD/Pub/Ven | ||
| 037 | _bPansy Books(Vend.)/Edu.pub House(Pub.) | ||
| 040 |
_aDPL _bUrdu |
||
| 082 | _a841 | ||
| 100 | _aعين تا بش | ||
| 245 |
_aد شت عجب حير ا نی کا:شا عر ی _cعين تا بش |
||
| 246 |
_aDasht Ajab Herani ka(Poetry) _bby Ain Tabish |
||
| 260 |
_aد ھلی _bا يجو کيشنل پبليشنگ ہا ؤس _c2013 |
||
| 260 | _bPansy Books(Vender) | ||
| 270 |
_a3108،و کيل اسٹر يٹ ،کو چہ پنڈ ت ،لال کنو ا ن _bد ھلی _e110006 _k23216162،23214465 |
||
| 270 |
_aR2,/66/A Somesh Vihar,Chhawala _bNew Delhi _e110071 _k01125317355 |
||
| 300 |
_a172ص _c22Cm (Hb) |
||
| 942 |
_2ddc _cUR _e _h841 _mت ا ب |
||
| 999 |
_c87356 _d87356 |
||